South Eastern Kenya University

Library Online Public Access Catalogue


Technical drawing with design / (Record no. 1203)

MARC details
000 -LEADER
fixed length control field 00499nam a22001817a 4500
008 - FIXED-LENGTH DATA ELEMENTS--GENERAL INFORMATION
fixed length control field 140816b xxu||||| |||| 00| 0 eng d
020 ## - INTERNATIONAL STANDARD BOOK NUMBER
International Standard Book Number 9780333601617
020 ## - INTERNATIONAL STANDARD BOOK NUMBER
International Standard Book Number 0333601617
050 ## - LIBRARY OF CONGRESS CALL NUMBER
Classification number T353
Item number .Y37 1994.
100 ## - MAIN ENTRY--PERSONAL NAME
Personal name Yarwood, A.
245 ## - TITLE STATEMENT
Title Technical drawing with design /
260 ## - PUBLICATION, DISTRIBUTION, ETC. (IMPRINT)
Place of publication, distribution, etc. Malaysia :
Name of publisher, distributor, etc. Macmillan publishers limited,
Date of publication, distribution, etc. 1994.
300 ## - PHYSICAL DESCRIPTION
Extent vii, 230 p :
Other physical details ill. ;
440 04 - SERIES STATEMENT/ADDED ENTRY--TITLE
Title The Motivate series ;
500 ## - GENERAL NOTE
General note ill. includes index.
650 ## - SUBJECT ADDED ENTRY--TOPICAL TERM
Topical term following geographic name as entry element Drawing.
942 ## - ADDED ENTRY ELEMENTS (KOHA)
Koha item type General circulation
Source of classification or shelving scheme Library of Congress Classification
Holdings
Withdrawn status Lost status Source of classification or shelving scheme Damaged status Not for loan Home library Current library Date acquired Cost, normal purchase price Total Checkouts Full call number Barcode Date last seen Cost, replacement price Price effective from Koha item type Public note Shelving location
    Library of Congress Classification     Main Campus Library Main Campus Library 16/08/2014 1175.00   T353 .Y37 1994. 2019/023262 16/08/2014 1675.00 16/08/2014 General circulation Rono  
    Library of Congress Classification     Main Campus Library Main Campus Library 21/10/2020     T353 .Y37 1994. 2019/023263 21/10/2020   21/10/2020 General circulation   General Stacks
Kitui, Kenya.
+254736116989
library@seku.ac.ke